Statistics for Largest Communes in CHILE by First Letter

Click here to take the quiz!

General Stats

  • This quiz has been taken 52 times
  • The average score is 9 of 21

Answer Stats

LetterPopulationCOMMUNE% Correct
S344,711Santiago
89%
A372,325Antofagasta
82%
C228,848Concepcion
76%
P602,203Puente Alto
76%
M544,876Maipu
68%
I196,437Iquique
66%
R232,639Rancagua
66%
V321,760Vina del Mar
66%
T285,487Temuco
63%
O157,389Osorno
47%
L388,119La Florida
45%
Q202,151Quilicura
37%
N216,452Nunoa
29%
Z6,185Zapallar
26%
B81,760Buin
21%
H106,628Hualpen
21%
E193,185El Bosque
13%
G33,227Graneros
13%
Y21,594Yumbel
13%
F24,904Freire
8%
D20,127Donihue
5%

Score Distribution

Percentile by Number Answered

Percent of People with Each Score

Your Score History

You have not taken this quiz